Investigators 3 : (Record no. 396852)
[ view plain ]
| 000 -LEADER | |
|---|---|
| fixed length control field | 00634nam a22001935 4500 |
| 001 - CONTROL NUMBER | |
| control field | BK0031527223 |
| 005 - DATE AND TIME OF LATEST TRANSACTION | |
| control field | 20240522145058.0 |
| 008 - FIXED-LENGTH DATA ELEMENTS--GENERAL INFORMATION | |
| fixed length control field | 240308s2025 xx 000 1 eng d |
| 020 ## - INTERNATIONAL STANDARD BOOK NUMBER | |
| International Standard Book Number | 9781250852403 : HRD |
| Terms of availability | 12.99 |
| 020 ## - INTERNATIONAL STANDARD BOOK NUMBER | |
| International Standard Book Number | 1250852404 : HRD |
| Terms of availability | 12.99 |
| 037 ## - SOURCE OF ACQUISITION | |
| Source of stock number/acquisition | First Second, C/O Mps 16365 James Madison Hwy, Gordonsville, VA, USA, 22942, (888)3308477 |
| Note | SAN 631-5011 |
| 050 ## - LIBRARY OF CONGRESS CALL NUMBER | |
| Classification number | PZ |
| 082 ## - DEWEY DECIMAL CLASSIFICATION NUMBER | |
| Classification number | 741 |
| 092 ## - LOCALLY ASSIGNED DEWEY CALL NUMBER (OCLC) | |
| Classification number | 741.0000 |
| 100 ## - MAIN ENTRY--PERSONAL NAME | |
| Personal name | Green, John Patrick/ Hastings, Christopher/ Lewis, Pat (ILT) |
| 9 (RLIN) | 6487959 |
| 245 00 - TITLE STATEMENT | |
| Title | Investigators 3 : |
| Remainder of title | Agents of S. U. I. T. |
| 264 #1 - Production, Publication, Distribution, Manufacture, and Copyright Notice. | |
| Name of producer, publisher, distributor, manufacturer | First Second |
| Date of production, publication, distribution, manufacture, or copyr | 2025 |
| 300 ## - PHYSICAL DESCRIPTION | |
| Extent | 208 p. ; |
| Withdrawn status | Lost status | Source of classification or shelving scheme | Damaged status | Not for loan | Collection code | Home library | Current library | Shelving location | Date acquired | Source of acquisition | Serial Enumeration / chronology | Total Checkouts | Total Renewals | Full call number | Barcode | Checked out | Date last seen | Date checked out | Cost, replacement price | Price effective from | Koha item type |
|---|---|---|---|---|---|---|---|---|---|---|---|---|---|---|---|---|---|---|---|---|---|
| Dewey Decimal Classification | Junior Graphic Novels | Wasatch County Library | Wasatch County Library | First Floor | 03/17/2025 | Micromarketing | #3 Agents of S.U.I.T. | 12 | 11 | J GN Green | 34301002149179 | 04/18/2026 | 03/10/2026 | 03/10/2026 | 12.99 | 03/17/2025 | BOOK |
